Management of Natural Disasters in Developing Countries (Record no. 412)
[ view plain ]
| 000 -LEADER | |
|---|---|
| fixed length control field | 00344 a2200109 4500 |
| 020 ## - INTERNATIONAL STANDARD BOOK NUMBER | |
| International Standard Book Number | 8170354250 |
| 082 ## - DEWEY DECIMAL CLASSIFICATION NUMBER | |
| Classification number | 363.34 SRI |
| 100 ## - MAIN ENTRY--PERSONAL NAME | |
| Personal name | Srivastava, H. N. |
| 245 ## - TITLE STATEMENT | |
| Title | Management of Natural Disasters in Developing Countries |
| Statement of responsibility, etc. | H. N. Srivastava |
| 260 ## - PUBLICATION, DISTRIBUTION, ETC. | |
| Place of publication, distribution, etc. | Delhi : |
| Name of publisher, distributor, etc. | Daya Publishing House, |
| Date of publication, distribution, etc. | 2006 |
| 300 ## - PHYSICAL DESCRIPTION | |
| Extent | xiv,201p. : |
| Other physical details | ill ., pics., ; |
| Dimensions | 25 cm |
| 650 ## - SUBJECT ADDED ENTRY--TOPICAL TERM | |
| Topical term or geographic name entry element | Natural Disaster |
| Withdrawn status | Lost status | Damaged status | Not for loan | Permanent Location | Current Location | Shelving location | Date acquired | Total Checkouts | Full call number | Barcode | Date last seen | Price effective from | Koha item type |
|---|---|---|---|---|---|---|---|---|---|---|---|---|---|
| School of Civil and Environmental Engineering (SCEE) | School of Civil and Environmental Engineering (SCEE) | 363.34 SRI | NIT-3733 | 01/05/2017 | 01/05/2017 | Book |
